Statistics for 00's music quiz

Click here to take the quiz!

General Stats

  • This quiz has been taken 578 times
  • The average score is 10 of 20

Answer Stats

SongArtist% Correct
UmbrellaJay-z
93%
Lose yourselfEminem
90%
RehabAmy Winehouse
88%
American idiotGreen day
86%
Chasing carsSnow Patrol
66%
Can't get you out of my headKylie Minogue
61%
Hey there DelilahPlain white T's
55%
Somebody told meThe Killers
55%
Bring me to lifeEvanescence
53%
CrazyGnarls Barkley
46%
Evacuate the DancefloorCascada
39%
Axel FCrazy frog
38%
I know you want me (Calle Ocho)Pitbull
37%
Stacy's MomFountains of Wayne
36%
Warwick AvenueDuffy
35%
Club FootKasabian
22%
Show me the meaning of being LonelyBackstreet boys
21%
Ready for the WeekendCalvin Harris
20%
Cha Cha slideDJ Caspar
8%
I'm over youMartine McCutcheon
1%

Score Distribution

Percentile by Number Answered

Percent of People with Each Score

Your Score History

You have not taken this quiz